logo

Bir Sreshtho Munshi Abdur Rouf Library
Jhenaidah Cadet College

Theoretical Mechanics : (Record no. 6796)

MARC details
000 -LEADER
fixed length control field 00544nam a2200217 a 4500
001 - CONTROL NUMBER
JCCL Control Number 6796
003 - CONTROL NUMBER IDENTIFIER
JCCL marc code BD-JhCC
005 - DATE AND TIME OF LATEST TRANSACTION
control field 20180325110851.0
008 - FIXED-LENGTH DATA ELEMENTS--GENERAL INFORMATION
fixed length control field 180130s1968 r a|||| || | 001 0 eng d
035 ## - SYSTEM CONTROL NUMBER
system control number (BD-JhCC)6796
040 ## - CATALOGING SOURCE
Original cataloging agency BD-JhCC
Modifying agency BD-JhCC
041 ## - LANGUAGE CODE
Language code of Book eng
082 ## - DEWEY DECIMAL CLASSIFICATION NUMBER
Classification number 531
Author mark and Year TAR 1968
100 ## - MAIN ENTRY--PERSONAL NAME
Personal name Targ, S.
245 ## - TITLE STATEMENT
Title Theoretical Mechanics :
Remainder of title a short course /
Statement of responsibility, etc Targ, S.
260 ## - PUBLICATION, DISTRIBUTION, ETC. (IMPRINT)
Place of publication, distribution, etc Russia :
Name of publisher, distributor, etc Mir Publications,
Date of publication, distribution, etc 1968
300 ## - PHYSICAL DESCRIPTION
Pagination 447 p. :
Dimensions 24 cm.
650 ## - SUBJECT ADDED ENTRY--TOPICAL TERM
Topical term or geographic name as entry element Mechanics Analytic
942 ## - ADDED ENTRY ELEMENTS (KOHA)
Source of classification or shelving scheme Dewey Decimal Classification
Koha item type Books
Holdings
Source of classification or shelving scheme Damaged status Not for loan Home library Current library Shelving location Date of accession Total Checkouts Full call number Barcode Date last seen Copy number Koha item type
Dewey Decimal Classification     JCC Rouf Library JCC Rouf Library General Stacks 01/30/2018   531 TAR 1968 7826 01/30/2018 C-1 Books

JCC Library | Contacts | JCC Home

Last Update on 23 September 2017
Copyright @ 2017-2020 JCC Rouf Library
Rouf Library, Jhenidah Cadet College (JCC), Bangladesh